Music Quiz

Random Music Quiz
Score 0/8 Timer 06:00
0 Plays Today
Instrument Name % Correct
Vocals, GuitarGeorge Harrison
98.3%
SitarRavi Shankar
86.2%
GuitarEric Clapton
82.8%
Vocals, Guitar, HarmonicaBob Dylan
75.9%
Vocals, Drums, TambourineRingo Starr
74.1%
Vocals, KeyboardsBilly Preston
55.2%
Vocals, Bass, KeyboardsLeon Russell
41.4%
Horn SectionThe Hollywood Horns
10.3%

You're not logged in!

Compare scores with friends on all Sporcle quizzes.
OR
Log In

Sporcle TV

Today on Sporcle TV


Watch our educational content, quiz creation guides, and fun videos on Sporcle TV.

Show Comments

Extras

Top Quizzes Today


Score Distribution

Paid Content

Your Account Isn't Verified!

In order to create a playlist on Sporcle, you need to verify the email address you used during registration. Go to your Sporcle Settings to finish the process.

Report this User

Report this user for behavior that violates our Community Guidelines.

Details: